[Event "Lidkoping op"]
[Site "Lidkoping"]
[Date "2019.08.24"]
[Round "2"]
[White "Nordlund, Jim"]
[Black "Alfven, Jorgen"]
[Result "1-0"]
[WhiteElo "2130"]
[BlackElo "1871"]
[PlyCount "103"]
[EventDate "2019.08.24"]
[EventType "swiss"]
[EventRounds "7"]
[EventCountry "SWE"]
[SourceTitle "EXT 2020"]
[Source "ChessBase"]
[SourceDate "2019.10.17"]
[SourceVersion "1"]
[SourceVersionDate "2019.10.17"]
[SourceQuality "1"]

1. e4 c5 2. d3 Nc6 3. Be2 d6 4. f4 e6 5. Nf3 g6 6. 0-0 Bg7 7. c3 Nge7 8. Be3 f5 9. Nbd2 0-0 10. Qb3 Na5 11. Qc2 Bd7 12. Rad1 Rc8 13. Nc4 Qc7 14. g3 b5 15. Ncd2 h6 16. h4 Nac6 17. Rc1 a6 18. h5 Be8 19. hxg6 Bxg6 20. Nh4 Bh7 21. Bf3 Ng6 22. Nxg6 Bxg6 23. Qd1 Ne7 24. Qe2 d5 25. e5 Qd7 26. Qf2 c4 27. Bc5 cxd3 28. Nb3 Rf7 29. Rfd1 Nc6 30. Rxd3 Qb7 31. Bd6 Qa7 32. Nc5 Nd8 33. b4 Bf8 34. Bxf8 Kxf8 35. Kf1 Kg7 36. Ra1 a5 37. Qe3 Re7 38. Ke2 Kh7 39. Rdd1 Nf7 40. a3 Rc6 41. Rh1 Qc7 42. Rh2 Kg7 43. Rah1 Qa7 44. Kd3 Qc7 45. Bh5 Qa7 46. Bxg6 Kxg6 47. g4 fxg4 48. f5+ exf5 49. Rxh6+ Kg7 50. e6 Rxc5 51. Qd4+ Kg8 52. Rh8+ 1-0

[Event "Rilton Cup 33rd"]
[Site "Stockholm"]
[Date "2004.01.04"]
[Round "8"]
[White "Nordlund, Jim"]
[Black "Carlsson, Nils"]
[Result "1-0"]
[WhiteElo "2145"]
[BlackElo "2233"]
[PlyCount "77"]
[EventDate "2003.12.27"]
[EventType "swiss"]
[EventRounds "9"]
[EventCountry "SWE"]
[SourceTitle "CBM 097 Extra"]
[Source "ChessBase"]
[SourceDate "2004.01.13"]
[SourceVersion "1"]
[SourceVersionDate "2004.01.13"]
[SourceQuality "1"]

1. e4 e5 2. Nf3 Nc6 3. Bb5 Nf6 4. 0-0 d6 5. d4 exd4 6. Nxd4 Bd7 7. Nc3 Be7 8. Bxc6 bxc6 9. b3 0-0 10. Bb2 Re8 11. h3 Bf8 12. Re1 g6 13. Nf3 Bg7 14. e5 dxe5 15. Nxe5 Qc8 16. Qf3 Re6 17. Ne4 Be8 18. Ng5 Re7 19. Nxc6 Bxc6 20. Qxc6 Qe8 21. Qxe8+ Raxe8 22. Kf1 Nd5 23. Bxg7 Kxg7 24. c4 Nb4 25. Rxe7 Rxe7 26. Nf3 h5 27. a3 Nc6 28. Rd1 Na5 29. Rd3 c5 30. g3 Rb7 31. Nd2 Nc6 32. Ne4 Ne5 33. Nxc5 Rc7 34. Rd5 Nc6 35. b4 a5 36. Na6 Rc8 37. b5 Ne7 38. Rd7 Nc6 39. b6 1-0

[Event "Rilton Cup 33rd"]
[Site "Stockholm"]
[Date "2003.12.28"]
[Round "2"]
[White "Nordlund, Jim"]
[Black "Krantz, Christopher"]
[Result "1-0"]
[WhiteElo "2145"]
[BlackElo "1919"]
[PlyCount "55"]
[EventDate "2003.12.27"]
[EventType "swiss"]
[EventRounds "9"]
[EventCountry "SWE"]
[SourceTitle "CBM 097 Extra"]
[Source "ChessBase"]
[SourceDate "2004.01.13"]
[SourceVersion "1"]
[SourceVersionDate "2004.01.13"]
[SourceQuality "1"]

1. e4 e6 2. d4 d5 3. Nd2 Nf6 4. e5 Nfd7 5. Bd3 c5 6. c3 Nc6 7. Ne2 f6 8. Nf4 Qe7 9. exf6 Qxf6 10. Nf3 cxd4 11. Nxd4 Nxd4 12. cxd4 Bb4+ 13. Bd2 Bxd2+ 14. Qxd2 0-0 15. Nh5 Qf7 16. Ng3 Nb8 17. 0-0 Nc6 18. Bb5 Nd8 19. Rac1 a6 20. Ba4 b5 21. Bc2 Bd7 22. f4 Nc6 23. f5 exf5 24. Bxf5 Bxf5 25. Nxf5 Qd7 26. Qg5 Nb4 27. Rce1 Nc6 28. Re7 1-0

[Event "SWE-ch g/5'"]
[Site "Umea"]
[Date "2003.07.13"]
[Round "8"]
[White "Agrest, Evgenij"]
[Black "Nordlund, Jim"]
[Result "1-0"]
[WhiteElo "2591"]
[BlackElo "2069"]
[PlyCount "37"]
[EventDate "2003.07.13"]
[EventType "tourn (blitz)"]
[EventRounds "9"]
[EventCountry "SWE"]
[EventCategory "4"]
[SourceTitle "EXT 2008"]
[Source "ChessBase"]
[SourceDate "2007.11.25"]
[SourceVersion "1"]
[SourceVersionDate "2007.11.25"]
[SourceQuality "1"]

1. Nf3 d6 2. e4 Nf6 3. Nc3 g6 4. d4 Bg7 5. Bf4 0-0 6. Qd2 Nc6 7. Bh6 e5 8. d5 Ne7 9. h3 a6 10. g4 b5 11. a3 a5 12. Bxb5 Rb8 13. a4 Bd7 14. Bxg7 Kxg7 15. Qe3 c6 16. dxc6 Bxc6 17. g5 Nh5 18. 0-0-0 Nf4 19. Nxe5 1-0

[Event "SWE-ch g/5'"]
[Site "Umea"]
[Date "2003.07.13"]
[Round "4"]
[White "Lind, Jan Olov"]
[Black "Nordlund, Jim"]
[Result "1-0"]
[WhiteElo "2259"]
[BlackElo "2069"]
[PlyCount "75"]
[EventDate "2003.07.13"]
[EventType "tourn (blitz)"]
[EventRounds "9"]
[EventCountry "SWE"]
[EventCategory "4"]
[SourceTitle "EXT 2008"]
[Source "ChessBase"]
[SourceDate "2007.11.25"]
[SourceVersion "1"]
[SourceVersionDate "2007.11.25"]
[SourceQuality "1"]

1. e4 d6 2. d4 g6 3. Nc3 Nf6 4. Bc4 Nc6 5. Qe2 Bg7 6. e5 Nd7 7. Nf3 Nb6 8. Bb3 0-0 9. h3 Na5 10. 0-0 h6 11. Bf4 Nxb3 12. axb3 g5 13. Bg3 g4 14. hxg4 Bxg4 15. Qe4 Bxf3 16. gxf3 c6 17. Kg2 f6 18. exd6 exd6 19. Qe6+ Kh8 20. Qxd6 Qe8 21. Qf4 Rd8 22. Rxa7 Rd7 23. Rh1 Qg6 24. Qg4 Qxc2 25. Bf4 Rg8 26. Bg3 Qxb2 27. Na4 Qxb3 28. Nxb6 Qxb6 29. Qxd7 Qxa7 30. Rh4 c5 31. d5 Qa6 32. d6 f5 33. Qf7 f4 34. Qxf4 Rf8 35. Rxh6+ Kg8 36. Qg4 Qc6 37. Rg6 Rf7 38. Be5 1-0

[Event "SWE-ch g/5'"]
[Site "Umea"]
[Date "2003.07.13"]
[Round "5"]
[White "Nordlund, Jim"]
[Black "Eriksson, Anders"]
[Result "1-0"]
[WhiteElo "2069"]
[BlackElo "2334"]
[PlyCount "90"]
[EventDate "2003.07.13"]
[EventType "tourn (blitz)"]
[EventRounds "9"]
[EventCountry "SWE"]
[EventCategory "4"]
[SourceTitle "EXT 2008"]
[Source "ChessBase"]
[SourceDate "2007.11.25"]
[SourceVersion "1"]
[SourceVersionDate "2007.11.25"]
[SourceQuality "1"]

1. e4 c6 2. d4 d5 3. e5 Bf5 4. Nc3 e6 5. g4 Bg6 6. Nge2 f6 7. h4 fxe5 8. dxe5 Nd7 9. h5 Bf7 10. f4 Bb4 11. a3 Ba5 12. g5 Ne7 13. Nd4 a6 14. Bh3 Nf8 15. f5 exf5 16. Nxf5 Nxf5 17. Bxf5 Be6 18. Bd3 Qc7 19. b4 Bb6 20. Bf4 0-0-0 21. Ne2 Bg4 22. Qd2 Ne6 23. Bg3 Qf7 24. 0-0-0 Bxh5 25. Rdf1 Qe8 26. Bf5 Bxe2 27. Qxe2 Kb8 28. Qg4 Nd4 29. Rxh7 Rxh7 30. Bxh7 Qe7 31. Bd3 Ne6 32. g6 Rf8 33. Rxf8+ Nxf8 34. Qf5 Bd8 35. Qf7 Ka7 36. Bf4 Ne6 37. Be3+ Kb8 38. Bf5 d4 39. Qxe6 dxe3 40. Qxe7 Bxe7 41. Kd1 a5 42. c3 Kc7 43. Ke2 Kb6 44. Bd3 c5 45. Kf3 Bg5 1-0